| 000 | 01103nmm a2200337 a 4500 | ||
|---|---|---|---|
| 003 | AR-BaBNM | ||
| 005 | 20251128210021.0 | ||
| 008 | 168119s1994 ||||||||||||||000 | spa|| | ||
| 020 | _a987-99763-0-4 | ||
| 040 | _cAR-BaBNM | ||
| 100 | 1 | _aRaffo, Jorge A. | |
| 245 | 1 | 0 |
_aSistema de aprendizaje interdisciplinario _blibro para docentes |
| 260 |
_aBuenos Aires _bFundación Proydesa _bEscuela Argentina Modelo _c1994 |
||
| 300 | 0 |
_a151 p. _bil. |
|
| 500 | 0 | _aApendice A: índice del contenido curricular del área incorporado al SAI p. 147-149 | |
| 500 | 0 | _aApendice B: instrucciones para la operación del SAI p. 150-151 | |
| 650 | 4 | _aENSENANZA DE LA CIENCIA | |
| 650 | 4 | _aINFORMATICA | |
| 650 | 4 | _aPROGRAMAS INFORMATICOS | |
| 650 | 4 | _aENFOQUE INTERDISCIPLINARIO | |
| 650 | 4 | _aECOLOGIA | |
| 650 | 4 | _aTECNOLOGIA | |
| 653 | 0 | _aMETODOS EDUCATIVOS | |
| 653 | 0 | _aEDUCACION GENERAL BASICA | |
| 653 | 0 | _aCONTENIDOS BASICOS COMUNES | |
| 700 | 1 | _aAzar, Gabriela | |
| 700 | 1 | _aMuratorio, Mercedes | |
| 700 | 1 |
_aGelderen, Alfredo Manuel van _eprologuista |
|
| 942 | _cBK | ||
| 998 | _cRaquel | ||
| 999 |
_c13719 _d13719 |
||